01865nam a2200349 i 4500001001000000003000900010005001700019007000300036008004100039020001500080040003000095041001900125082001700144111013100161245025700292246002800549246003200577264004900609270015500658300002800813336002700841337003300868338002800901700004800929700005100977700004601028700004701074942001401121952012601135952023901261999001501500000003322DO-SdBNP20260519144510.0ta090708s1992 dr a r 001 0 spa d a848953800X aDO-SdBNPbspacBNPHUerda11aspabfrenheng 4axxxbxxx2221 aEncuentro internacional pobreza y medio ambiente en el CaribecSantiago, República Dominicanad(1992, octubre. 21-25)98680510aPobreza y medio ambiente = Poverty and environment = Pauvrete et environnement :bbasado principalmente en las actas de un encuentro internacional /ccompiladores, Gavino Severino, Víctor Eddy Ruiz ; traducción, Lourdes Meyreles, Isabel Germosén.31iPoverty and environment31aPauvreté et environnement 1aSanto Domingo :bENDA-Caribe ; PUCMM,c1992. aENDA- CaribeaApartado. 3370bSanto DomingodRepública Dominicanak1 809 566-8321l1 809 541-3259menda!caribe@redid.org.domendacaribe@pucmm.edu.do a440 páginas ;c21 cm. atextobtxt2rdacontent asin mediaciónbn2rdamedia avolumenbnc2rdacarrier1 aSeverino, Gavino,ecompilador4comp.9104371 aRuiz, Víctor Eddy,ecompilador4comp.9104381 aMeyreles, Lourdes,etraductor4tr.9104391 aGermosén, Isabel,etraductor4tr.910440 2ddccLBS1 00102ddc51708PDaBNPHUbBNPHUcCTd2009-07-08l0oBNPHU PDp3322-10r2020-06-25w2020-06-25yLBS1ZPréstamo interno 00102ddc51708PDaBNPHUbBNPHUcCTd2024-11-14eDonado por la Presidencia de la República Dominicana 2023.l0oBNPHU PD p2024-6418r2024-11-14te.2w2024-11-14yLBS1zPertenecio a la biblioteca personal de Emilio Cordero Michel. c3153d3153